00384nam a2200157 a 450000100060000000300090000600800410001502000150005604000280007108200090009910000130010824500340012126000380015530000100019365000230020320124CO-ViMGA141112s2004 ck r 000 u spa d a9802570516 aCO-ViMGAbspacCO-ViMGA04aFOXg1 aFox, Mem10aGuillermo Jorge Manuel Jose  aCaracas : bEdiciones Ekare; 1998 a26 p.14aCUENTOS INFANTILES